[Event "AUTO-OPEN-1727"]
[Site "http://www.queenalice.com/game.php?id=669026"]
[Date "2009.10.18"]
[Round "1"]
[White "Oblivion_Master"]
[Black "Economico"]
[Result "0-1"]
[WhiteElo "1195"]
[BlackElo "2110"]

1. e4 e6 2. d4 d5 3. Nc3 Bb4 4. e5 c5 5. Bd2 cxd4 6. Nb5 Bc5 7. b4 Be7 8. Qg4 g6
9. Nf3 a6 10. Nbxd4 Nc6 11. Nxc6 bxc6 12. Bd3 Bf8 0-1

[Event "AUTO-OPEN-1727"]
[Site "http://www.queenalice.com/game.php?id=669042"]
[Date "2009.10.18"]
[Round "1"]
[White "Economico"]
[Black "Jerick"]
[Result "0-1"]
[WhiteElo "2126"]
[BlackElo "2206"]

1. d4 Nf6 2. c4 g6 3. Nc3 Bg7 4. Nf3 d6 5. e3 O-O 6. Bd3 Nbd7 7. O-O e5 8. dxe5
Nxe5 9. Nxe5 dxe5 10. Qc2 Be6 11. Rd1 Qe7 12. f4 exf4 13. exf4 Bxc4 14. Bxc4
Qc5+ 15. Kh1 Qxc4 16. b3 Qc6 17. Bb2 Ng4 18. Qd2 Rae8 19. h3 Ne3 20. Rdc1 Qf6
21. Qf2 Qd8 22. Nd1 Bxb2 23. Qxb2 Qd6 24. Nxe3 Rxe3 25. Qf2 Rfe8 26. Rc2 c6 27.
Rd2 Qe6 0-1

[Event "AUTO-OPEN-1727"]
[Site "http://www.queenalice.com/game.php?id=669043"]
[Date "2009.10.18"]
[Round "1"]
[White "Jerick"]
[Black "Economico"]
[Result "0-1"]
[WhiteElo "2220"]
[BlackElo "2095"]

1. e4 d6 2. d4 Nf6 3. f3 g6 4. Bc4 Bg7 5. Ne2 O-O 6. O-O d5 7. Bd3 dxe4 8. fxe4
e5 9. d5 c6 10. c4 cxd5 11. cxd5 Ng4 12. Qe1 f5 13. h3 Qb6+ 14. Kh1 Ne3 15. Rf3
f4 16. Bxe3 fxe3 17. Rxf8+ Bxf8 18. b3 Nd7 19. Qg3 Bg7 20. Na3 Nc5 21. Qxe3 Nxd3
22. Qxd3 Qf2 23. Nc4 Bd7 24. Nc3 Rf8 25. a4 a6 26. Ne3 Bxh3 27. Qe2 Qg3 28. Ncd1
Bh6 29. gxh3 Bxe3 30. Nxe3 Rf2 0-1

[Event "Let's Play Chess!"]
[Site "http://www.queenalice.com/game.php?id=669088"]
[Date "2009.10.18"]
[Round "-"]
[White "pegasusapril"]
[Black "Economico"]
[Result "0-1"]
[WhiteElo "1551"]
[BlackElo "2111"]

1. e4 e5 2. Nf3 Nc6 3. d3 Nf6 4. Be2 d5 5. exd5 Nxd5 6. O-O Bc5 7. c3 O-O 8. d4
exd4 9. Nxd4 Nxd4 10. cxd4 Bd6 11. Bf3 Be6 12. Re1 c6 13. Nd2 Qh4 14. g3 Qxd4
15. Re4 Qb6 16. Nc4 Qc7 17. Nxd6 Qxd6 18. Rd4 Rad8 19. a3 Qc7 20. b4 Nc3 21. Qd2
Rxd4 22. Qc2 Nb5 23. Be3 Rd7 24. Bf4 Qd8 25. a4 Nd4 26. Qc3 Nxf3+ 27. Kg2 Rd3
28. Qc4 Bxc4 0-1

[Event "AUTO-OPEN-1728"]
[Site "http://www.queenalice.com/game.php?id=669293"]
[Date "2009.10.19"]
[Round "1"]
[White "tkasper"]
[Black "Economico"]
[Result "0-1"]
[WhiteElo "1586"]
[BlackElo "2109"]

1. d4 Nf6 2. Nf3 e6 3. Nc3 b6 4. e4 Bb4 5. Bd3 Bb7 6. Bd2 Bxc3 7. Bxc3 Nxe4 8.
O-O Nxc3 9. bxc3 d6 10. Re1 Nd7 11. d5 Bxd5 12. Be4 Bxe4 13. Rxe4 Nf6 14. Re3
O-O 15. Rd3 Qe8 16. Ng5 h6 17. Nh3 Qc6 18. Rg3 Ne4 19. Rg4 Nxc3 20. Qd3 Nd5 21.
Nf4 Nxf4 22. Rxf4 e5 23. Rc4 Qd7 24. Re1 Rad8 25. Qc3 c5 26. Rb1 d5 27. Rd1 d4
28. Qg3 Qd5 29. Ra4 Rd7 30. c4 Qc6 31. Ra3 Re8 32. Qg4 Re6 33. Rg3 Rg6 34. Qh3
e4 35. Re1 d3 36. Rd1 Qa4 37. Rd2 Qc2 38. Re3 Qc1+ 39. Re1 Qxe1# 0-1

[Event "AUTO-OPEN-1728"]
[Site "http://www.queenalice.com/game.php?id=669294"]
[Date "2009.10.19"]
[Round "1"]
[White "Economico"]
[Black "tkasper"]
[Result "1-0"]
[WhiteElo "2091"]
[BlackElo "1592"]

1. d4 d5 2. c4 c6 3. Nc3 Bf5 4. Nf3 f6 5. e3 g5 6. Bd3 Bg6 7. cxd5 cxd5 8. Qc2
Nh6 9. Bxg6+ hxg6 10. Qxg6+ Nf7 11. Qf5 Nh6 12. Qxd5 Nc6 13. Qb5 Bg7 14. Qxb7
Na5 15. Qb5+ Kf7 16. e4 e6 17. d5 Rb8 18. Qa6 Re8 19. Qxa7+ Re7 20. Qa6 exd5 21.
O-O f5 22. Nxd5 Re6 23. Nxg5+ Kg6 24. exf5+ Kxf5 25. Qxe6# 1-0

[Event "AUTO-OPEN-1728"]
[Site "http://www.queenalice.com/game.php?id=669319"]
[Date "2009.10.19"]
[Round "1"]
[White "phystutordotcom"]
[Black "Economico"]
[Result "0-1"]
[WhiteElo "2009"]
[BlackElo "2112"]

1. Nf3 d5 2. d3 Nf6 3. Nbd2 Bf5 4. g3 e6 5. Bg2 Bc5 6. O-O O-O 7. Re1 Nc6 8. Nh4
Bxf2+ 9. Kxf2 Ng4+ 10. Kf3 Nd4+ 0-1

[Event "AUTO-OPEN-1728"]
[Site "http://www.queenalice.com/game.php?id=669320"]
[Date "2009.10.19"]
[Round "1"]
[White "Economico"]
[Black "phystutordotcom"]
[Result "1-0"]
[WhiteElo "2119"]
[BlackElo "1959"]

1. d4 d6 2. e4 Nf6 3. Nc3 e5 4. dxe5 dxe5 5. Qxd8+ Kxd8 6. Nf3 Bd6 7. Ng5 Ke7 8.
Bc4 Rf8 9. Nd5+ Nxd5 10. Bxd5 h6 11. Nf3 c6 12. Bb3 Nd7 13. Be3 g5 14. O-O-O f6
15. Rd2 Bc5 16. Rxd7+ 1-0

[Event "AUTO-OPEN-1728"]
[Site "http://www.queenalice.com/game.php?id=669337"]
[Date "2009.10.19"]
[Round "1"]
[White "Economico"]
[Black "DRL"]
[Result "0-1"]
[WhiteElo "2054"]
[BlackElo "1045"]

1. d4 d6 2. c4 e5 3. dxe5 dxe5 4. Qxd8+ Kxd8 5. Nf3 e4 6. Ng5 f6 7. Nf7+ Ke7 8.
Nxh8 Be6 9. b3 Nc6 10. Bb2 g6 11. Nd2 f5 12. O-O-O Kd7 13. Nxe4+ Ke8 14. Ng5 Bd7
15. Nxh7 Bg7 16. Bxg7 g5 17. g4 f4 18. f3 Nge7 19. Nf6+ Kd8 20. Rxd7+ Kc8 21.
Nf7 Ng8 22. Rd1 Nxf6 0-1

[Event "AUTO-OPEN-1728"]
[Site "http://www.queenalice.com/game.php?id=669338"]
[Date "2009.10.19"]
[Round "1"]
[White "DRL"]
[Black "Economico"]
[Result "1-0"]
[WhiteElo "1015"]
[BlackElo "2084"]

1. e4 e6 2. e5 d5 3. d4 c5 4. c3 Nc6 5. Nf3 Bd7 6. Be3 Qb6 7. Nbd2 Qxb2 8. Be2
Qxc3 9. O-O cxd4 10. Nb1 Qxa1 11. Bxd4 Nxd4 12. a3 Nxe2+ 13. Qxe2 Bxa3 14. Nxa3
Qxa3 15. Ng5 Nh6 16. Qc2 Rc8 17. Qb1 Bc6 18. Nxh7 Qc3 19. Ng5 Ng4 20. Qa2 Qxe5
21. Nf3 1-0

[Event "AUTO-OPEN-1757"]
[Site "http://www.queenalice.com/game.php?id=680732"]
[Date "2009.11.10"]
[Round "1"]
[White "Economico"]
[Black "forth_generation"]
[Result "0-1"]
[WhiteElo "2127"]
[BlackElo "2271"]

1. d4 d5 2. c4 c6 3. Nc3 Nf6 4. Bg5 dxc4 5. a4 Na6 6. e3 Be6 7. Nge2 Qa5 8. Bxf6
exf6 9. Nf4 Bb4 10. Rc1 Qf5 11. Nxe6 Qxe6 12. Qe2 b5 13. axb5 cxb5 14. b3 cxb3
15. Qxb5+ Kd8 16. Bc4 b2 17. Ke2 bxc1=Q 18. Rxc1 Rb8 19. Bxe6 Rxb5 20. Nxb5 fxe6
21. Ra1 Nb8 22. Rxa7 Bf8 23. Ra8 Kc8 0-1

[Event "AUTO-OPEN-1757"]
[Site "http://www.queenalice.com/game.php?id=680733"]
[Date "2009.11.10"]
[Round "1"]
[White "forth_generation"]
[Black "Economico"]
[Result "1-0"]
[WhiteElo "2302"]
[BlackElo "2114"]

1. e4 e6 2. d4 d5 3. Nc3 Bb4 4. e5 Ne7 5. Nf3 c5 6. a3 cxd4 7. Nxd4 Bxc3+ 8.
bxc3 O-O 9. Bd3 Nd7 10. Qh5 Ng6 11. f4 Nc5 12. O-O Bd7 13. Rb1 Qc7 14. f5 exf5
15. Nxf5 Nxd3 16. cxd3 Bxf5 17. Qxf5 Qxc3 18. Rxb7 Qxe5 19. Rxf7 Qxf5 20. R7xf5
Rxf5 21. Rxf5 Re8 22. Kf1 Ne5 23. Bd2 g6 24. Rf4 Rf8 25. Ke2 Rxf4 26. Bxf4 Nc6
27. Bh6 Kf7 28. Ke3 Kf6 29. h3 Kf5 30. g4+ Kf6 31. Kf4 Kf7 32. a4 1-0

[Event "AUTO-OPEN-1757"]
[Site "http://www.queenalice.com/game.php?id=680734"]
[Date "2009.11.10"]
[Round "1"]
[White "Economico"]
[Black "lendasdomarantigo"]
[Result "1-0"]
[WhiteElo "2116"]
[BlackElo "1404"]

1. e4 c5 2. Nf3 d6 3. d4 cxd4 4. Nxd4 Nf6 5. Nc3 Nc6 6. Bc4 Bd7 7. Be3 e5 8.
Ndb5 a6 9. Nxd6+ Bxd6 10. Qxd6 Qe7 11. Bc5 Qxd6 12. Bxd6 Nd4 13. O-O-O Rc8 14.
Bxf7+ Kxf7 15. Bxe5 Nc6 16. Bxf6 Be6 17. Bh4 Rhe8 18. f4 Nb4 19. Kb1 Rxc3 20.
bxc3 Nxa2 21. Kb2 Rc8 22. f5 Bc4 23. Rd7+ Kg8 24. Rhd1 b5 25. Rd8+ Rxd8 26.
Rxd8+ Kf7 27. e5 1-0

[Event "AUTO-OPEN-1757"]
[Site "http://www.queenalice.com/game.php?id=680735"]
[Date "2009.11.10"]
[Round "1"]
[White "lendasdomarantigo"]
[Black "Economico"]
[Result "0-1"]
[WhiteElo "1309"]
[BlackElo "2024"]

1. Nf3 d5 2. d4 Nf6 3. e3 Bg4 4. h3 Bh5 5. Nc3 e6 6. Be2 Bd6 7. g4 Bg6 8. Bd2
Nbd7 9. Nh4 Be4 10. f3 Nxg4 11. hxg4 Bg3+ 12. Kf1 Bxh4 13. Nxe4 dxe4 14. f4 Be7
15. Bc3 Nf6 16. Bc4 Nd5 17. Bd2 a6 18. Qe2 Qd7 19. Kf2 Nb6 20. Bb3 c5 21. dxc5
Bxc5 22. Rad1 Qc7 23. Ba5 Qxf4+ 24. Ke1 Qg3+ 25. Kd2 Rd8+ 26. Kc1 Qxe3+ 27. Rd2
O-O 28. Rd1 Rxd2 0-1